Bilecik Bilecik Bilecik Bilecik Bilecik

Demek ki oluyormuş: şema terapi ile eşler arası anlaşmazlıkları anlamak ve çözmek/ (Record no. 68428)

MARC details
000 -BAŞLIK
Sabit Uzunluktaki Kontrol Alanı 01212nam a22003257a 4500
001 - KONTROL NUMARASI
Control Dosyası 0067857
003 - KONTROL NUMARASI KİMLİĞİ
Kontrol Alanı KOHA_MİRAKIL
005 - EN SON İŞLEM TARİHİ ve ZAMANI
Kontrol Alanı 20260207004729.0
007 - FİZİKSEL TANIM SABİT ALAN - GENEL BİLGİ
Sabit uzunluklu kontrol alanı ta
008 - SABİT UZUNLUKTAKİ VERİ ÖGELERİ - GENEL BİLGİ
Sabit Alan 221123s2016 tu |||gr||||#||||0|tur |
020 ## - ISBN - ULUSLARARASI STANDART KİTAP NUMARASI
Isbn 9786058547186
040 ## - KATALOGLAMA KAYNAĞI
Özgün Kataloglama Kurumu TR-BiSEU
Kataloglama Dili tur
Çeviri Kurumu TR-BiSEU
Açıklama Kuralları rda
041 0# - DİL KODU
Metin ya da ses kaydının dil kodu tur
044 ## - YAYINLAYAN/ÜRETEN KURULUŞUN ÜLKE KODU
ISO country code tu
050 ## - SINIFLAMA ve YER NUMARASI
Sınıflama Numarası BF575
Yer Numarası .R64 2016
100 1# - KİŞİ ADI
Yazar Adı (Kişi adı) Roediger, Eckhard.
245 1# - ESER ADI BİLDİRİMİ
Başlık Demek ki oluyormuş: şema terapi ile eşler arası anlaşmazlıkları anlamak ve çözmek/
Sorumluluk Bildirimi Eckhard Roediger ; Eckhard Roediger, Wendy T. Behary, Gerhard Zarbock; Türkçesi Nihan Azizlerli..
250 ## - BASIM BİLDİRİMİ
Basım Bildirimi 6. Basım
264 #1 - ÜRERİM, YAYIN, DAĞITIM ve TELİF BİLDİRİMİ
Yayın yeri İstanbul :
Yayınlayan Psikonet Yayınları,
Yayın tarihi 2016.
-- 2016
300 ## - FİZİKSEL TANIMLAMA
Sayfa, Cilt vb. 225 sayfa; 20 cm.
336 ## - İÇERİK TÜRÜ
Content type term metin
Content type code txt
Source rdacontent
337 ## - MEDYA TÜRÜ
Media type term aracısız
Media type code n
Source rdamedia
338 ## - TAŞIYICI TÜRÜ
Carrier type term cilt
Carrier type code nc
Source rdacarrier
490 1# - DİZİ BİLDİRİMİ
Dizi Bildirimi Bilişsel ve Davranışçı Terapiler serisi ;
Cilt Numarası 13.
500 ## - GENEL NOT
Genel Not Kaynakça var.
650 #0 - KONU BAŞLIĞI EK GİRİŞ - KONU TERİMİ
Konusal terim veya coğrafi ad Çift terapisi Çiftler--Psikoloji Şema odaklı bilişsel terapi
9 (RLIN) 128883
650 #0 - KONU BAŞLIĞI EK GİRİŞ - KONU TERİMİ
Konusal terim veya coğrafi ad Couples therapy--Psychology Schema-focused cognitive therapy
9 (RLIN) 128884
830 1# - SERİ EK GİRİŞİ - TEKBİÇİM ESER ADI
Tekbiçim Başlık Bilişsel ve Davranışçı Terapiler serisi ;
Volume number/sequential designation 13.
9 (RLIN) 97658
942 ## - EK GİRİŞ ÖGELERİ (KOHA)
Source of classification or shelving scheme Library of Congress Classification
Koha item type Book
Holdings
Materyal Türü Kalıcı Konum Mevcut Konum Raf Yeri Sınıflandırma Kaynağı Edinim Bilgisi Ana Konular Alt Konular Yer Numarası Demirbaş Numarası Fatura Tarihi Geri Çekilme Durumu Kayıp Durumu Hasarlı Durumu Kredi için değil Kayıt Tarih Toplam Ödünçverme Son Görülme Tarihi Son Kontrol Tarihi
Book Prof. Dr. Azmi Özcan Kütüphanesi Prof. Dr. Azmi Özcan Kütüphanesi Uluğbey Salonu Library of Congress Classification Satın FELSEFE, PSİKOLOJİ, DİN Psikoloji BF575 .R64 2016 0067857 02/02/2026         23/11/2022 1 06/03/2025 06/03/2025